00435nam a2200157Ia 4500020001800000082001800018245003300036260004500069300001200114504003600126650002400162650002900186650002200215650002500237710001500262 a9780821378298 aRR 338.9 WOR- 0aWorld development indicators aWashingtonbGreen Press Initiativec2009 axxi,434 aincludes bibliography and index aEconomic indicators aEnvironmental indicators aSocial indicators aEconomic development aWorld Bank